NCAA D1 Men's Basketball Logos RANDOMIZED (All 364 Teams) - Statistics

General Stats
  • This quiz has been taken 371 times
  • The average score is 234 of 364
Answer Stats
Picture Answer % Correct
Purdue
80%
Cincinnati
79%
Clemson
79%
Georgia Southern
79%
Indiana
79%
Maryland
79%
Nebraska
79%
New Mexico State
79%
Oklahoma State
79%
Stanford
79%
Vanderbilt
79%
Arizona
78%
Auburn
78%
Duke
78%
Hofstra
78%
Memphis
78%
Missouri
78%
Oklahoma
78%
St John's
78%
Virginia
78%
Alcorn State
77%
Arkansas
77%
Ball State
77%
Boston College
77%
Brigham Young
77%
California
77%
Connecticut
77%
Florida State
77%
Hawai'i
77%
Houston
77%
Illinois
77%
Iona
77%
Iowa
77%
Iowa State
77%
Louisiana State
77%
Louisville
77%
Michigan State
77%
Mississippi
77%
Mississippi State
77%
New Mexico
77%
Notre Dame
77%
Ohio
77%
South Carolina
77%
Southern Methodist
77%
Texas
77%
Texas A&M
77%
Troy
77%
Utah
77%
Villanova
77%
Washington
77%
West Virginia
77%
Xavier
77%
Alabama
76%
Arizona State
76%
Army
76%
Coastal Carolina
76%
Dayton
76%
Florida
76%
Florida Atlantic
76%
Georgia
76%
Georgia Tech
76%
Grand Canyon
76%
Harvard
76%
James Madison
76%
Kansas
76%
Kansas State
76%
Massachusetts
76%
Michigan
76%
Minnesota
76%
North Carolina State
76%
Oregon
76%
Penn State
76%
Pittsburgh
76%
Princeton
76%
Rutgers
76%
Southern California
76%
South Florida
76%
Syracuse
76%
Texas Tech
76%
Utah State
76%
Virginia Tech
76%
Wake Forest
76%
Washington State
76%
Wyoming
76%
Yale
76%
Air Force
75%
Kennesaw State
75%
Navy
75%
North Dakota State
75%
Northwestern
75%
Ohio State
75%
Oregon State
75%
Rice
75%
Tennessee
75%
American
74%
Baylor
74%
Colorado State
74%
Creighton
74%
Drake
74%
East Carolina
74%
Florida Gulf Coast
74%
George Washington
74%
Kent State
74%
Marquette
74%
North Carolina
74%
North Dakota
74%
Providence
74%
San Diego State
74%
Texas Christian
74%
Wichita State
74%
Wisconsin
74%
Appalachian State
73%
Central Florida
73%
Central Michigan
73%
Colorado
73%
Grambling State
73%
Holy Cross
73%
Marshall
73%
Middle Tennessee State
73%
Nevada Las Vegas
73%
North Texas
73%
Saint Louis
73%
Western Kentucky
73%
Akron
72%
Boston
72%
Brown
72%
California Los Angeles
72%
Furman
72%
High Point
72%
Kentucky
72%
Louisiana Tech
72%
Miami (Ohio)
72%
Northern Illinois
72%
Richmond
72%
Seton Hall
72%
Temple
72%
Texas El Paso
72%
Youngstown State
72%
Boise State
71%
Buffalo
71%
Eastern Michigan
71%
Eastern Washington
71%
Fresno State
71%
Gonzaga
71%
Indiana State
71%
Jacksonville State
71%
La Salle
71%
Liberty
71%
McNeese State
71%
Montana
71%
Northern Iowa
71%
Northern Kentucky
71%
Old Dominion
71%
Oral Roberts
71%
Rhode Island
71%
Saint Mary's
71%
San Jose State
71%
Tulane
71%
Alabama Birmingham
70%
Cal Poly
70%
Dartmouth
70%
Delaware
70%
Fordham
70%
Georgetown
70%
Jackson State
70%
Long Island
70%
Louisiana
70%
Louisiana Monroe
70%
San Diego
70%
South Dakota State
70%
Citadel
69%
Colgate
69%
DePaul
69%
Green Bay
69%
Idaho
69%
Loyola Chicago
69%
Tennessee State
69%
Vermont
69%
William & Mary
69%
Alabama A&M
68%
Butler
68%
Charlotte
68%
Duquesne
68%
Pepperdine
68%
South Dakota
68%
Texas State
68%
Toledo
68%
Cornell
67%
George Mason
67%
Lehigh
67%
Murray State
67%
Pennsylvania
67%
Sam Houston State
67%
Texas San Antonio
67%
Wofford
67%
Bowling Green State
66%
Campbell
66%
Elon
66%
Florida International
66%
Long Beach State
66%
Miami (Florida)
66%
Nevada
66%
Omaha
66%
Prairie View A&M
66%
Sacramento State
66%
Saint Peters
66%
Santa Clara
66%
Albany
65%
Chattanooga
65%
Florida A&M
65%
Montana State
65%
South Alabama
65%
Southern Miss
65%
Western Michigan
65%
Charleston
64%
Missouri State
64%
UC Irvine
64%
Valparaiso
64%
Howard
63%
Maine
63%
Mercer
63%
Mississippi Valley State
63%
Northern Arizona
63%
Portland State
63%
Robert Morris
63%
Southern
63%
Stephen F Austin
63%
Arkansas Pine Bluff
62%
Georgia State
62%
Kansas City
62%
Norfolk State
62%
Samford
62%
Texas Southern
62%
East Tennessee State
61%
Portland
61%
Saint Francis
61%
Stetson
61%
Winthrop
61%
Columbia
60%
Delaware State
60%
Denver
60%
Detroit Mercy
60%
Jacksonville
60%
Mount Saint Marys
60%
New Jersey Institute of Technology
60%
Nicholls State
60%
Oakland
60%
Queens
60%
Southern Indiana
60%
Virginia Military Institute
60%
Abilene Christian
59%
Bethune-Cookman
59%
Bradley
59%
Evansville
59%
Fairleigh Dickinson
59%
Lamar
59%
Merrimack
59%
Morehead State
59%
Northeastern
59%
St Thomas
59%
Tarleton State
59%
Tulsa
59%
UC San Diego
59%
Cleveland State
58%
Bryant
57%
Drexel
57%
Gardner-Webb
57%
Marist
57%
Maryland Baltimore County
57%
Presbyterian
57%
Rider
57%
Sacred Heart
57%
South Carolina Upstate
57%
UC Santa Barbara
57%
Virginia Commonwealth
57%
Austin Peay State
56%
Lipscomb
56%
South Carolina State
56%
Illinois State
55%
Loyola Marymount
55%
Manhattan
55%
North Carolina A&T
55%
Siena
55%
Southern Illinois
55%
UC Davis
55%
Arkansas State
54%
Cal Baptist
54%
Davidson
54%
Alabama State
53%
Incarnate Word
53%
Pacific
53%
Stonehill
53%
Weber State
53%
Bucknell
52%
Illinois Chicago
52%
UNC Wilmington
52%
Belmont
51%
Central Arkansas
51%
Seattle
51%
Charleston Southern
50%
Radford
50%
Wright State
50%
Cal State Fullerton
49%
Central Connecticut State
49%
Eastern Kentucky
49%
Hampton
49%
Lindenwood
49%
Massachusetts Lowell
49%
Mercyhurst
49%
Northwestern State
49%
San Francisco
49%
UC Riverside
49%
Wagner
49%
Canisius
48%
New Orleans
48%
Northern Colorado
48%
Quinnipiac
48%
Southern Illinois Edwardsville
48%
Stony Brook
48%
Tennessee Martin
48%
Bellarmine
47%
Coppin State
47%
Houston Christian
47%
Chicago State
46%
Eastern Illinois
46%
East Texas A&M
46%
Loyola-Maryland
46%
Purdue Fort Wayne
46%
Texas A&M Corpus Christi
46%
Texas Rio Grande Valley
46%
Towson
46%
Western Illinois
46%
Niagara
45%
Longwood
44%
Le Moyne
43%
Saint Bonaventure
43%
Binghamton
41%
Morgan State
41%
New Hampshire
41%
Western Carolina
41%
Idaho State
40%
Milwaukee
40%
Cal State Northridge
39%
Lafayette
38%
UNC Greensboro
38%
Utah Tech
38%
Fairfield
37%
Little Rock
37%
North Carolina Central
37%
Saint Josephs
37%
Southeast Missouri State
37%
Texas Arlington
37%
Cal Bakersfield
36%
Northern Alabama
35%
Southern Utah
35%
UNC Asheville
35%
North Florida
34%
Southeastern Louisiana
34%
Utah Valley
33%
IU Indianapolis
30%
Tennessee Tech
30%
Maryland Eastern Shore
29%
Monmouth
27%
West Georgia
20%
No matching quizzes found
Score Distribution
Percent of People with Each Score
Percentile by Number Answered
Your Score History
You have not taken this quiz